[Event "FIDE Disabled Cup"]
[Site "Ankara"]
[Date "2019.12.09"]
[Round "1.2"]
[White "Masoud, Mohamed Helmy"]
[Black "Kozhakhmetov, Sultan"]
[Result "0-1"]
[WhiteElo "1876"]
[BlackElo "1617"]
[PlyCount "116"]
[EventDate "2019.12.09"]
[EventType "team-tourn"]
[EventRounds "5"]
[EventCountry "TUR"]
[SourceTitle "CBM 193 Extra"]
[Source "ChessBase"]
[SourceDate "2020.01.31"]
[SourceVersion "1"]
[SourceVersionDate "2020.01.31"]
[SourceQuality "1"]
[WhiteTeam "Africa"]
[BlackTeam "Asia"]

1. d4 Nf6 2. Nf3 d5 3. g3 e6 4. Bg2 b5 5. 0-0 Bb7 6. Bg5 Nbd7 7. Nbd2 Be7 8. b3 0-0 9. c4 bxc4 10. bxc4 dxc4 11. Nxc4 c5 12. Rb1 Bd5 13. Rc1 Rc8 14. Qa4 Bxc4 15. Qxc4 Nb6 16. Qd3 c4 17. Qb1 Nfd5 18. Bxe7 Qxe7 19. h4 Qa3 20. Ng5 g6 21. h5 Kg7 22. Qe4 Nf6 23. Qb7 Nbd7 24. hxg6 hxg6 25. Rc2 Qa5 26. Nf3 Rb8 27. Qc6 Rfc8 28. Qd6 Qb4 29. Qf4 Nd5 30. Qg5 Qe7 31. Qc1 N7b6 32. a3 Na4 33. e4 Ndb6 34. Rd1 c3 35. Qa1 Nc4 36. d5 exd5 37. exd5 Rb2 38. d6 Nxd6 39. Re1 Qf6 40. Qd1 Rcb8 41. Rc1 Nc5 42. Re2 Nce4 43. Qd3 Rxe2 44. Qxe2 Rb2 45. Rc2 Rb1+ 46. Kh2 g5 47. Ng1 Nxf2 48. Qxf2 Qxf2 49. Rxf2 Rb2 50. Rf1 g4 51. Re1 Nc4 52. a4 Nd2 53. Ne2 Nf3+ 54. Bxf3 gxf3 55. Kg1 Rxe2 56. Rc1 c2 57. Kf1 Rd2 58. Ke1 Rh2 0-1